000 02259cam a22006494i 4500
003 PE-LiUPU
005 20250731170418.0
008 170703s2013 mau rb 000 0 eng d
020 _a9004257217
020 _a9789004257214
035 _a(Sirsi) a237847
040 _aPE-LiUPU
_beng
_cPE-LiUPU
_erda
049 _aPRUA
082 0 4 _a181.06
_bJ7
_223
245 0 0 _aJonathan Sacks :
_buniversalizing particularity /
_cdited by Hava Tirosh-Samuelson and Aaron W. Hughes.
264 1 _aBoston :
_bBrill,
_c2013.
300 _axiii, 147 páginas ;
_c24 centímetros.
336 _atext
_2rdacontent
337 _aunmediated
_2rdamedia
338 _avolume
_2rdacarrier
490 0 _aLibrary of Contemporary Jewish Philosophers ;
_v2
504 _aBibliografía : páginas 141-147.
505 0 _aJonathan Sacks: an intellectual portrait -- Finding God -- The dignity of difference: exorcizing plato's ghost -- An agenda of future jewish thought -- Future tense: the voice of hope in the conversation of humankind -- Interview with Chief Rabbi lord Jonathan Sacks october 29, 2012.
526 _aSEG68
526 _aSEG70
526 _aSEG69
526 _aSEG67
526 _aSEG43
526 _aP144
526 _aP143
526 _aP131
526 _aP122
526 _aP120
526 _aP117
526 _aP112
526 _aP110
526 _aP106
526 _aP101
526 _aP80
526 _aP59
526 _aP54
526 _aP35
526 _aP33
526 _aP30
650 0 4 _aFilosofía.
650 0 4 _aSacks, Jonathan, 1948-Filosofía.
650 0 4 _aFilosofía judía.
700 1 _aTirosh-Samuelson, Hava,
_d1950-
700 1 _aHughes, Aaron W.,
_d1968-
910 _ajck
_bncf
_cncf
_d20170703
942 _2ddc
_cBOOK
949 _a181.06 J7
_wDEWEY
_c1
_i76495
_lCCODEBUL1
_mBUL
_p24.97
_r0
_sY
_tBOOK
_u2017-07-03
_xTEOLOGIA
_PP35
_0DONACION
_o.STAFF. Colección Teología
994 _aC0
_bPEPRU
596 _a1
999 _a181.06 J7
_wDEWEY
_c24546
_i76495
_f2021-11-9
_g4
_lCCODEBUL1
_mBUL
_p24.97
_r0
_sY
_tBOOK
_u2017-7-3
_xTEOLOGIA
_PP35
_0COMPRA
_o.STAFF. Colección Teología
_d24546
980 _81
_gALBERTO SANCHEZ Responsable de Automatización